00783nam a22001817a 4500999001900000010001500019020003100034035001400065037001300079082001000092245010700102260004000209270013600249300002800385700004200413942002400455952012200479 c166886d166886 aENG-126163 a978-93-8546-234-4c1495.00 aEN-109695 bDBAD/PUB a381.3 aContemporary Issues in Trade, Environment and Policy/cedited by Ananya Ghosh Dastudar[and]Yamini Gupt aNew DelhibAne Books Pvt.Ltd.c2016 a4821,Parwana Bhawan,1st Floor24 Ansari Road, Darya GanjbNew Delhie110002k+91(011)23276843l+91(011)23276863mkapoor@anebooks.com axix201p.c24cm(hb)bill aAnanya Ghosh Dastudar[and]Yamini Gupt 2ddccENh381.3mCON 001040708NFICaAGbAGd2019-08-14eDBAD/PUBg1495.00l0o381.3 CONpEN-109695r2019-08-14 00:00:00t1v1495.00yEN